Counter-Strike EMS One Katowice 2014 Players - Statistics

General Stats
  • This quiz has been taken 2 times
  • The average score is 25 of 80
Answer Stats
Team Country Player % Correct
Virtus.pro Poland NEO
100%
Virtus.pro Poland pashaBiceps
100%
Virtus.pro Poland Snax
100%
Virtus.pro Poland TaZ
100%
iBUYPOWER United States adreN
50%
HellRaisers Kazakhstan AdreN
50%
LDLC France apEX
50%
Virtus.pro Poland byali
50%
MOUZ Denmark cadiaN
50%
MOUZ Netherlands chrisJ
50%
Dignitas Denmark device
50%
fnatic Sweden Devilwalk
50%
HellRaisers Russia Dosia
50%
Dignitas Denmark dupreeh
50%
Natus Vincere Ukraine Edward
50%
Titan Belgium Ex6TenZ
50%
Ninjas in Pyjamas Sweden f0rest
50%
Ninjas in Pyjamas Sweden Fifflaren
50%
fnatic Sweden flusha
50%
Ninjas in Pyjamas Sweden friberg
50%
Ninjas in Pyjamas Sweden GeT_RiGhT
50%
3DMAX Denmark gla1ve
50%
Natus Vincere Slovakia GuardiaN
50%
LDLC France Happy
50%
fnatic Sweden JW
50%
Reason Denmark karrigan
50%
Clan-Mystik France kennyS
50%
Clan-Mystik France kioShiMa
50%
LDLC France KQLY
50%
LGB Sweden KRIMZ
50%
Complexity United States n0thing
50%
Titan France NBK-
50%
LGB Sweden "olofmeister
50%
fnatic Sweden pronax
50%
Titan Belgium ScreaM
50%
Natus Vincere Russia seized
50%
Titan France shox
50%
iBUYPOWER United States Skadoodle
50%
Titan France SmithZz
50%
Complexity United States swag
50%
MOUZ Germany tabseN
50%
LGB Sweden twist
50%
Ninjas in Pyjamas Sweden Xizt
50%
Dignitas Denmark Xyp9x
50%
Natus Vincere Ukraine Zeus
50%
fnatic Sweden znajder
50%
3DMAX Denmark aizy
0%
HellRaisers Ukraine ANGE1
0%
iBUYPOWER United States anger
0%
iBUYPOWER Canada AZK
0%
Vox Eminor Australia AZR
0%
Dignitas Denmark cajunb
0%
LGB Sweden cype
0%
iBUYPOWER United States DaZeD
0%
LGB Sweden dennis
0%
Reason Denmark EXR
0%
Dignitas Denmark FeTiSh
0%
Reason Denmark Friis
0%
Clan-Mystik France GMX
0%
Clan-Mystik France HaRts
0%
Vox Eminor Australia Havoc
0%
Complexity United States Hiko
0%
HellRaisers Russia kUcheR
0%
MOUZ Germany LEGIJA
0%
Reason Denmark LOMME
0%
LDLC Switzerland Maniac
0%
HellRaisers Ukraine markeloff
0%
3DMAX Denmark MSL
0%
3DMAX Denmark Pimp
0%
3DMAX Denmark raalz
0%
Complexity United States seang@res
0%
Complexity Canada SEMPHIS
0%
Clan-Mystik France Sf
0%
Reason Denmark smF
0%
Vox Eminor Australia SnypeR
0%
Vox Eminor Australia SPUNJ
0%
Natus Vincere Ukraine starix
0%
MOUZ Germany tiziaN
0%
Vox Eminor Australia topguN
0%
LDLC France Uzzziii
0%
No matching quizzes found
Score Distribution
Percent of People with Each Score
Percentile by Number Answered
Your Score History
You have not taken this quiz